|
|
|
|
| LEADER |
00000cam a2200000 a 4500 |
| 001 |
vtls001448164 |
| 003 |
SK-MaSNL |
| 005 |
20260302073257.0 |
| 008 |
240226s2002 xo a gr 000 fdslo |
| 015 |
|
|
|a SNBA2003/05-01534
|
| 020 |
|
|
|a 8088939305
|
| 035 |
|
|
|a SNK000403427
|
| 035 |
|
|
|a urn:nbn:sk:snk-am3j0lg
|
| 035 |
|
|
|a 996A7EBE-E9CC-4F0E-B607-987E90B617D4
|
| 035 |
|
|
|a urn:nbn:sk:snk-am00gf0s
|
| 040 |
|
|
|a SNK
|b slo
|c SNK
|e AACR2
|
| 041 |
1 |
|
|a slo
|h eng
|
| 044 |
|
|
|a xo
|c SK
|
| 072 |
|
7 |
|a 821.111-3
|x Anglická próza, anglicky písaná
|2 konspekt
|
| 080 |
|
|
|a 821.111-32
|2 2011
|
| 100 |
1 |
|
|a Benson, Robert Hugh,
|d 1871-1914
|4 aut
|9 255004
|
| 240 |
1 |
4 |
|a The light invisible
|l Slovensky
|
| 245 |
1 |
0 |
|a Neviditeľné svetlo
|c Robert Hugh Benson ; z anglického originálu preložila Anna A. Hlaváčová
|
| 250 |
|
|
|a 1. slovenské vydanie
|
| 260 |
|
|
|a Bratislava
|b Petrus
|c 2002
|
| 300 |
|
|
|a 183 strán
|b ilustrácie
|c 21 cm
|
| 490 |
1 |
|
|a Terra
|v zv. 7
|
| 500 |
|
|
|a Obsahuje biografické údaje
|
| 655 |
|
7 |
|a anglické poviedky
|2 SNKPH
|9 70540
|
| 700 |
1 |
|
|a Hlaváčová, Anna,
|d 1966-
|4 trl
|9 10741
|
| 830 |
|
0 |
|a Terra
|9 312371
|
| 919 |
|
|
|a 80-88939-30-5
|
| 958 |
|
|
|a LX
|
| 958 |
|
|
|a UP
|
| 958 |
|
|
|a NS
|
| 968 |
|
|
|b ENG
|
| 999 |
|
|
|c 1160198
|d 1162128
|
| 952 |
|
|
|t P60, <03>, [BOOK], {603}
|a SNK
|b SNK
|y PREZ
|7 0
|p 17A0371940
|o snkSC 110505
|i snkKSP 1017/2003
|0 0
|1 0
|4 0
|d 2003-01-24
|f 1
|l 0
|r 2025-10-01 00:00:00
|w 2026-02-24
|
| 952 |
|
|
|t P60, <04>, [BOOK], {604}
|a SNK
|b SNK
|y VYP
|7 0
|p 17A0371939
|o snkSC 110505 D1
|i snkKSP 1018/2003
|0 0
|1 0
|4 0
|d 2003-01-24
|l 0
|r 2005-01-02 00:00:00
|w 2026-02-24
|